Collective foresight: the leadership challeges for higher education's; (Record no. 10956)

000 -LEADER
fixed length control field 00437nam a22001457a 4500
008 - FIXED-LENGTH DATA ELEMENTS--GENERAL INFORMATION
fixed length control field 151210b xxu||||| |||| 00| 0 eng d
050 ## - LIBRARY OF CONGRESS CALL NUMBER
Classification number LA 227.4 .W45 2008
100 ## - MAIN ENTRY--PERSONAL NAME
Personal name White, Byron P.
245 ## - TITLE STATEMENT
Title Collective foresight: the leadership challeges for higher education's;
Remainder of title future.
300 ## - PHYSICAL DESCRIPTION
Extent iv,22p.
650 ## - SUBJECT ADDED ENTRY--TOPICAL TERM
Topical term or geographic name as entry element Education - cooperative
650 ## - SUBJECT ADDED ENTRY--TOPICAL TERM
Topical term or geographic name as entry element Educational leadership
700 ## - ADDED ENTRY--PERSONAL NAME
Personal name Eckel, Peter D.
942 ## - ADDED ENTRY ELEMENTS (KOHA)
Source of classification or shelving scheme
Koha item type Reference Material
Holdings
Withdrawn status Lost status Source of classification or shelving scheme Damaged status Not for loan Home library Current library Date acquired Source of acquisition Total Checkouts Full call number Barcode Date last seen Price effective from Koha item type
          MACHAKOS UNIVERSITY LIBRARY MACHAKOS UNIVERSITY LIBRARY 10/12/2015 Donation (BFA)   LA 227.4 .W45 2008 19682 10/12/2015 10/12/2015 Reference Material
© Machakos University Library, Along The Highway, Machakos Wote Rd, Machakos, Kenya P.O. Box 136 - 90100 Machakos - Kenya

Tel: ( +254 ) 723 805829 OR Fax : 044-20353 OR Email: library@mksu.ac.ke